El cuidado de la salud en las familias en Colombia : política sanitaria, trabajo de las mujeres y desigualdad /

Detalles Bibliográficos
Autor principal: Hernández Bello, Amparo (Autor)
Formato: Electrónico eBook
Lenguaje:español
Publicado: Bogotá, D.C. : Editorial Pontificia Universidad Javeriana, [2022]
Edición:Primera edición.
Materias:
Acceso en línea:Digitalia Hispánica

MARC

LEADER 00000nam a2200000 i 4500
001 DIGEPUJ0417
003 NyNyDIG
007 cr |||||||||||
008 240111s2022 ck a ob 000 0 spa d
006 m o d
035 |a (OCoLC)1402817887 
040 |a DGITA  |b eng  |e rda  |e pn  |c DGITA 
020 |a 9789587817935  |q (digital) 
020 |z 9789587817928  |q (impreso) 
024 7 |a 10.11144/Javeriana.9789587817935  |2 doi 
043 |a s-ck--- 
050 1 4 |a RA645.37.C7 ebook 
100 1 |a Hernández Bello, Amparo,  |e author. 
245 1 3 |a El cuidado de la salud en las familias en Colombia :  |b política sanitaria, trabajo de las mujeres y desigualdad /  |c Amparo Hernández-Bello. 
250 |a Primera edición. 
264 1 |a Bogotá, D.C. :  |b Editorial Pontificia Universidad Javeriana,  |c [2022] 
300 |a 1 online resource :  |b illustrations (some color) 
336 |a text  |b txt  |2 rdacontent 
337 |a computer  |b c  |2 rdamedia 
338 |a online resource  |b cr  |2 rdacarrier 
347 |a text file  |2 rdaft 
347 |b EPUB 
504 |a Includes bibliographical references. 
588 0 |a Online resource; title from ePub title page (Digitalia, viewed January 11, 2024) 
650 0 |a Caregivers  |z Colombia. 
650 0 |a Women caregivers  |z Colombia. 
650 0 |a Home care services  |z Colombia. 
650 0 |a Families  |x Health and hygiene  |z Colombia. 
650 0 |a Medical policy  |z Colombia. 
791 2 |a Digitalia (Firm),  |e distributor. 
793 0 |g Digitalia eBook Collection:  |a Pontificia Universidad Javeriana 
776 0 8 |i Print version:  |a Hernández Bello, Amparo.  |t Cuidado de la salud en las familias en Colombia.  |b Primera edición.  |d Bogotá, D.C. : Editorial Pontificia Universidad Javeriana, [2022]  |z 9789587817928 
856 4 0 |3 Digitalia Hispánica  |u https://www.digitaliapublishing.com/a/131957/ 
910 |a Premium collection: 2024